| 000 | 01783nam a22002657a 4500 | ||
|---|---|---|---|
| 005 | 20150902120248.0 | ||
| 010 | _aENG-113452 | ||
| 020 |
_c295.00 _a9789350351406 |
||
| 035 | _aEN-96984 | ||
| 037 | _bDBAD/PUB | ||
| 082 | _a342.54085 | ||
| 100 | _aAndhyarujina, T. R. | ||
| 245 |
_aThe Kesavananda Bharati case : _cby T.R. Andhyarujina _bthe untold story of struggle for surpremacy by Supreme Court and parliment / |
||
| 260 |
_aDelhi _bUniversal Law Publishing _c2012 |
||
| 270 |
_aA-58, G.T. Karnal Road Industrial Area, _bDelhi _e110033 |
||
| 300 |
_axi,152p. _c23cm(Hb) |
||
| 500 | _aIncludes index | ||
| 505 | _a The political overtones of the Kesavananda case -- |t Tensions and conflicts in the case -- |t Justice beg’s [sic] illness and hospitalization -- |t Was there a ratio in Kesavananda case that "Parliament has no power to amend the basic structure of the Constitution"? -- |t Did Justice Chandrachud change his judgment? -- |t Were fundamental rights held to be a part of the basic structure in the Kesavananda case? -- |t The immediate response of government to the Kesavananda judgments -- |t How the Kesavananda case survived an attempt to reverse it by the court -- |t Parliament/governments [sic] attempt to overcome the Kesavananda "majority view" -- |t Did the Supreme Court or Parliament prevail in the struggle for supremacy? -- |t Basic structure later distilled by the Supreme Court -- |g Conclusion. | ||
| 600 |
_a Kēśavānandabhāratī, _xTrials, litigation, etc. |
||
| 650 |
_a Civil rights _zIndia. |
||
| 650 |
_aConstitutional amendments _zIndia. |
||
| 650 |
_aLegislative bodies _zIndia _xPrivileges and immunities. |
||
| 650 |
_a Political questions and judicial power _zIndia. |
||
| 942 |
_2ddc _cEN _mAND _h342.54085 |
||
| 999 |
_c94868 _d94868 |
||